Every Arsenal Player Since 2000 - Statistics

General Stats
  • This quiz has been taken 375 times
    358 since last reset
  • The average score is 432 of 754
Answer Stats
% Correct
2022/23 RW England Bukayo Saka 48 15
98%
2021/22 RW England Bukayo Saka 43 12
98%
2020/21 RW England Bukayo Saka 46 7
98%
2019/20 RW England Bukayo Saka 38 4
98%
2018/19 RW England Bukayo Saka 4
98%
2022/23 DM Switzerland Granit Xhaka 47 9
96%
2021/22 DM Switzerland Granit Xhaka 30 1
96%
2020/21 DM Switzerland Granit Xhaka 45 1
96%
2019/20 DM Switzerland Granit Xhaka 41 1
96%
2018/19 DM Switzerland Granit Xhaka 40 4
96%
2017/18 DM Switzerland Granit Xhaka 48 3
96%
2016/17 DM Switzerland Granit Xhaka 46 4
96%
2022/23 AM Norway Martin Odegaard 45 15
96%
2021/22 AM Norway Martin Odegaard 40 7
96%
2020/21 AM Norway Martin Odegaard 20 2
96%
2022/23 LW Brazil Gabriel Martinelli 46 15
95%
2021/22 LW Brazil Gabriel Martinelli 36 6
95%
2020/21 LW Brazil Gabriel Martinelli 22 2
95%
2019/20 LW Brazil Gabriel Martinelli 26 10
95%
2022/23 ST Brazil Gabriel Jesus 33 11
94%
2022/23 CB Brazil Gabriel Magalhaes 48 3
94%
2021/22 CB Brazil Gabriel Magalhaes 38 5
94%
2020/21 CB Brazil Gabriel Magalhaes 32 3
94%
2021/22 ST Gabon Pierre-Emerick Aubameyang 15 7
94%
2020/21 ST Gabon Pierre-Emerick Aubameyang 39 15
94%
2019/20 ST Gabon Pierre-Emerick Aubameyang 44 29
94%
2018/19 ST Gabon Pierre-Emerick Aubameyang 51 31
94%
2017/18 ST Gabon Pierre-Emerick Aubameyang 14 10
94%
2022/23 GK England Aaron Ramsdale 41
93%
2021/22 GK England Aaron Ramsdale 37
93%
2022/23 DM Ghana Thomas Partey 40 3
92%
2021/22 DM Ghana Thomas Partey 26 2
92%
2020/21 DM Ghana Thomas Partey 33
92%
2021/22 ST France Alexandre Lacazette 36 6
91%
2020/21 ST France Alexandre Lacazette 43 17
91%
2019/20 ST France Alexandre Lacazette 39 12
91%
2018/19 ST France Alexandre Lacazette 49 19
91%
2017/18 ST France Alexandre Lacazette 39 17
91%
2021/22 GK Germany Bernd Leno 8
91%
2020/21 GK Germany Bernd Leno 49
91%
2019/20 GK Germany Bernd Leno 32
91%
2018/19 GK Germany Bernd Leno 36
91%
2016/17 CB Brazil Gabriel Paulista 27
91%
2015/16 CB Brazil Gabriel Paulista 29 1
91%
2014/15 CB Brazil Gabriel Paulista 8
91%
2019/20 AM Germany Mesut Ozil 23 1
91%
2018/19 AM Germany Mesut Ozil 35 6
91%
2017/18 AM Germany Mesut Ozil 35 5
91%
2016/17 AM Germany Mesut Ozil 44 12
91%
2015/16 AM Germany Mesut Ozil 45 8
91%
2014/15 AM Germany Mesut Ozil 32 5
91%
2013/14 AM Germany Mesut Ozil 40 7
91%
2022/23 LB Ukraine Oleksandr Zinchenko 33 1
91%
2004/05 DM France Patrick Vieira 44 7
91%
2003/04 DM France Patrick Vieira 44 3
91%
2002/03 DM France Patrick Vieira 42 4
91%
2001/02 DM France Patrick Vieira 54 3
91%
2000/01 DM France Patrick Vieira 48 6
91%
2018/19 CM Wales Aaron Ramsey 40 6
90%
2017/18 CM Wales Aaron Ramsey 32 11
90%
2016/17 CM Wales Aaron Ramsey 32 4
90%
2015/16 CM Wales Aaron Ramsey 40 6
90%
2014/15 CM Wales Aaron Ramsey 41 10
90%
2013/14 CM Wales Aaron Ramsey 34 16
90%
2012/13 CM Wales Aaron Ramsey 47 2
90%
2011/12 CM Wales Aaron Ramsey 44 3
90%
2010/11 CM Wales Aaron Ramsey 8 1
90%
2009/10 CM Wales Aaron Ramsey 29 4
90%
2008/09 CM Wales Aaron Ramsey 22 1
90%
2022/23 CB France William Saliba 33 3
90%
2022/23 RB England Ben White 46 2
89%
2021/22 RB England Ben White 37
89%
2022/23 LW Belgium Leandro Trossard 22 1
89%
2018/19 GK Czech Republic Petr Cech 22
88%
2017/18 GK Czech Republic Petr Cech 38
88%
2016/17 GK Czech Republic Petr Cech 37
88%
2015/16 GK Czech Republic Petr Cech 42
88%
2017/18 ST Chile Alexis Sanchez 22 8
87%
2016/17 ST Chile Alexis Sanchez 51 30
87%
2015/16 ST Chile Alexis Sanchez 41 17
87%
2014/15 ST Chile Alexis Sanchez 52 25
87%
2017/18 ST France Olivier Giroud 26 7
87%
2016/17 ST France Olivier Giroud 40 16
87%
2015/16 ST France Olivier Giroud 53 24
87%
2014/15 ST France Olivier Giroud 36 19
87%
2013/14 ST France Olivier Giroud 51 22
87%
2012/13 ST France Olivier Giroud 47 17
87%
2011/12 ST France Thierry Henry 7 2
87%
2006/07 ST France Thierry Henry 27 12
87%
2005/06 ST France Thierry Henry 45 33
87%
2004/05 ST France Thierry Henry 42 30
87%
2003/04 ST France Thierry Henry 51 39
87%
2002/03 ST France Thierry Henry 55 32
87%
2001/02 ST France Thierry Henry 49 32
87%
2000/01 ST France Thierry Henry 53 22
87%
2017/18 RW England Theo Walcott 16 4
86%
2016/17 RW England Theo Walcott 37 19
86%
2015/16 RW England Theo Walcott 42 9
86%
2014/15 RW England Theo Walcott 21 7
86%
2013/14 RW England Theo Walcott 18 6
86%
2012/13 RW England Theo Walcott 43 21
86%
2011/12 RW England Theo Walcott 46 11
86%
2010/11 RW England Theo Walcott 38 13
86%
2009/10 RW England Theo Walcott 30 4
86%
2008/09 RW England Theo Walcott 35 6
86%
2007/08 RW England Theo Walcott 39 7
86%
2006/07 RW England Theo Walcott 32 1
86%
2022/23 AM Portugal Fabio Vieira 33 2
85%
2022/23 DM Italy Jorginho 16
85%
2021/22 RW Ivory Coast Nicolas Pepe 23 3
85%
2020/21 RW Ivory Coast Nicolas Pepe 47 16
85%
2019/20 RW Ivory Coast Nicolas Pepe 42 8
85%
2017/18 CB Germany Per Mertesacker 12 2
85%
2016/17 CB Germany Per Mertesacker 2
85%
2015/16 CB Germany Per Mertesacker 36
85%
2014/15 CB Germany Per Mertesacker 48 2
85%
2013/14 CB Germany Per Mertesacker 52 3
85%
2012/13 CB Germany Per Mertesacker 44 3
85%
2011/12 CB Germany Per Mertesacker 27
85%
2022/23 LB Scotland Kieran Tierney 36 1
84%
2021/22 LB Scotland Kieran Tierney 25 1
84%
2020/21 LB Scotland Kieran Tierney 38 2
84%
2019/20 LB Scotland Kieran Tierney 24 1
84%
2018/19 CB France Laurent Koscielny 29 3
84%
2017/18 CB France Laurent Koscielny 33 2
84%
2016/17 CB France Laurent Koscielny 43 2
84%
2015/16 CB France Laurent Koscielny 44 4
84%
2014/15 CB France Laurent Koscielny 39 3
84%
2013/14 CB France Laurent Koscielny 46 3
84%
2012/13 CB France Laurent Koscielny 34 4
84%
2011/12 CB France Laurent Koscielny 42 3
84%
2010/11 CB France Laurent Koscielny 43 3
84%
2020/21 RB Spain Hector Bellerin 35 1
83%
2019/20 RB Spain Hector Bellerin 23 1
83%
2018/19 RB Spain Hector Bellerin 19
83%
2017/18 RB Spain Hector Bellerin 47 3
83%
2016/17 RB Spain Hector Bellerin 42 1
83%
2015/16 RB Spain Hector Bellerin 44 1
83%
2014/15 RB Spain Hector Bellerin 28 2
83%
2013/14 RB Spain Hector Bellerin 1
83%
2022/23 DM Egypt Mohamed Elneny 8 1
83%
2021/22 DM Egypt Mohamed Elneny 17
83%
2020/21 DM Egypt Mohamed Elneny 41 3
83%
2018/19 DM Egypt Mohamed Elneny 17
83%
2017/18 DM Egypt Mohamed Elneny 32 1
83%
2016/17 DM Egypt Mohamed Elneny 24
83%
2015/16 DM Egypt Mohamed Elneny 16 1
83%
2011/12 ST Netherlands Robin van Persie 48 37
83%
2010/11 ST Netherlands Robin van Persie 33 22
83%
2009/10 ST Netherlands Robin van Persie 20 10
83%
2008/09 ST Netherlands Robin van Persie 44 20
83%
2007/08 ST Netherlands Robin van Persie 23 9
83%
2006/07 ST Netherlands Robin van Persie 31 13
83%
2005/06 ST Netherlands Robin van Persie 38 11
83%
2004/05 ST Netherlands Robin van Persie 41 10
83%
2010/11 CM Spain Cesc Fabregas 36 9
81%
2009/10 CM Spain Cesc Fabregas 36 19
81%
2008/09 CM Spain Cesc Fabregas 33 3
81%
2007/08 CM Spain Cesc Fabregas 45 13
81%
2006/07 CM Spain Cesc Fabregas 54 4
81%
2005/06 CM Spain Cesc Fabregas 50 5
81%
2004/05 CM Spain Cesc Fabregas 46 3
81%
2003/04 CM Spain Cesc Fabregas 3 1
81%
2015/16 RW Costa Rica Joel Campbell 30 4
80%
2014/15 RW Costa Rica Joel Campbell 10
80%
2008/09 CB Ivory Coast Kolo Toure 41 1
80%
2007/08 CB Ivory Coast Kolo Toure 41 2
80%
2006/07 CB Ivory Coast Kolo Toure 53 4
80%
2005/06 CB Ivory Coast Kolo Toure 46 1
80%
2004/05 CB Ivory Coast Kolo Toure 50 1
80%
2003/04 CB Ivory Coast Kolo Toure 55 3
80%
2002/03 CB Ivory Coast Kolo Toure 40 2
80%
2012/13 LW Russia Andrey Arshavin 11 1
79%
2011/12 LW Russia Andrey Arshavin 27 2
79%
2010/11 LW Russia Andrey Arshavin 52 10
79%
2009/10 LW Russia Andrey Arshavin 39 12
79%
2008/09 LW Russia Andrey Arshavin 15 6
79%
2020/21 GK Argentina Emiliano Martinez 1
79%
2019/20 GK Argentina Emiliano Martinez 23
79%
2018/19 GK Argentina Emiliano Martinez 1
79%
2016/17 GK Argentina Emiliano Martinez 5
79%
2014/15 GK Argentina Emiliano Martinez 6
79%
2012/13 GK Argentina Emiliano Martinez 2
79%
2005/06 LM France Robert Pires 48 11
79%
2004/05 LM France Robert Pires 47 17
79%
2003/04 LM France Robert Pires 51 19
79%
2002/03 LM France Robert Pires 42 17
79%
2001/02 LM France Robert Pires 45 13
79%
2000/01 LM France Robert Pires 51 8
79%
2020/21 CB Germany Shkodran Mustafi 9
79%
2019/20 CB Germany Shkodran Mustafi 27 1
79%
2018/19 CB Germany Shkodran Mustafi 40 3
79%
2017/18 CB Germany Shkodran Mustafi 38 3
79%
2016/17 CB Germany Shkodran Mustafi 37 2
79%
2019/20 CB Greece Sokratis Papastathopoulos 29 3
79%
2018/19 CB Greece Sokratis Papastathopoulos 40 3
79%
2009/10 CB England Sol Campbell 14 1
79%
2005/06 CB England Sol Campbell 29 3
79%
2004/05 CB England Sol Campbell 21 1
79%
2003/04 CB England Sol Campbell 50 1
79%
2002/03 CB England Sol Campbell 49 3
79%
2001/02 CB England Sol Campbell 48 3
79%
2022/23 RB Japan Takehiro Tomiyasu 31
79%
2021/22 RB Japan Takehiro Tomiyasu 22
79%
2016/17 CM Spain Santi Cazorla 11 2
78%
2015/16 CM Spain Santi Cazorla 21
78%
2014/15 CM Spain Santi Cazorla 53 8
78%
2013/14 CM Spain Santi Cazorla 46 7
78%
2012/13 CM Spain Santi Cazorla 49 12
78%
2005/06 LB England Ashley Cole 15
77%
2004/05 LB England Ashley Cole 47 2
77%
2003/04 LB England Ashley Cole 47 1
77%
2002/03 LB England Ashley Cole 44 1
77%
2001/02 LB England Ashley Cole 40 2
77%
2000/01 LB England Ashley Cole 33 3
77%
2013/14 RB France Bacary Sagna 48 1
77%
2012/13 RB France Bacary Sagna 31
77%
2011/12 RB France Bacary Sagna 29 1
77%
2010/11 RB France Bacary Sagna 43 2
77%
2009/10 RB France Bacary Sagna 44
77%
2008/09 RB France Bacary Sagna 49
77%
2007/08 RB France Bacary Sagna 40 1
77%
2020/21 CB Brazil David Luiz 30 2
77%
2019/20 CB Brazil David Luiz 43 2
77%
2022/23 ST England Eddie Nketiah 38 9
77%
2021/22 ST England Eddie Nketiah 27 10
77%
2020/21 ST England Eddie Nketiah 29 6
77%
2019/20 ST England Eddie Nketiah 17 4
77%
2018/19 ST England Eddie Nketiah 9 1
77%
2017/18 ST England Eddie Nketiah 10 2
77%
2017/18 CM England Jack Wilshere 38 2
77%
2016/17 CM England Jack Wilshere 2
77%
2015/16 CM England Jack Wilshere 3
77%
2014/15 CM England Jack Wilshere 22 2
77%
2013/14 CM England Jack Wilshere 35 5
77%
2012/13 CM England Jack Wilshere 33 2
77%
2010/11 CM England Jack Wilshere 49 2
77%
2009/10 CM England Jack Wilshere 7
77%
2008/09 CM England Jack Wilshere 8 1
77%
2012/13 DM China Nico Yennaris 1
77%
2011/12 DM China Nico Yennaris 3
77%
2015/16 AM Czech Republic Tomas Rosicky 1
77%
2014/15 AM Czech Republic Tomas Rosicky 24 3
77%
2013/14 AM Czech Republic Tomas Rosicky 39 3
77%
2012/13 AM Czech Republic Tomas Rosicky 16 3
77%
2011/12 AM Czech Republic Tomas Rosicky 38 2
77%
2010/11 AM Czech Republic Tomas Rosicky 34 1
77%
2009/10 AM Czech Republic Tomas Rosicky 33 3
77%
2007/08 AM Czech Republic Tomas Rosicky 24 7
77%
2006/07 AM Czech Republic Tomas Rosicky 37 6
77%
2017/18 GK Colombia David Ospina 21
76%
2016/17 GK Colombia David Ospina 14
76%
2015/16 GK Colombia David Ospina 12
76%
2014/15 GK Colombia David Ospina 23
76%
2005/06 SS Netherlands Dennis Bergkamp 31 3
76%
2004/05 SS Netherlands Dennis Bergkamp 38 8
76%
2003/04 SS Netherlands Dennis Bergkamp 38 5
76%
2002/03 SS Netherlands Dennis Bergkamp 41 7
76%
2001/02 SS Netherlands Dennis Bergkamp 46 14
76%
2000/01 SS Netherlands Dennis Bergkamp 35 5
76%
2019/20 LB Spain Nacho Monreal 3
76%
2018/19 LB Spain Nacho Monreal 36 1
76%
2017/18 LB Spain Nacho Monreal 38 7
76%
2016/17 LB Spain Nacho Monreal 43 1
76%
2015/16 LB Spain Nacho Monreal 45
76%
2014/15 LB Spain Nacho Monreal 38 1
76%
2013/14 LB Spain Nacho Monreal 36
76%
2012/13 LB Spain Nacho Monreal 11 1
76%
2022/23 AM England Emile Smith Rowe 14
75%
2021/22 AM England Emile Smith Rowe 37 11
75%
2020/21 AM England Emile Smith Rowe 33 4
75%
2019/20 AM England Emile Smith Rowe 6
75%
2018/19 AM England Emile Smith Rowe 6 3
75%
2010/11 GK Germany Jens Lehmann 1
75%
2007/08 GK Germany Jens Lehmann 13
75%
2006/07 GK Germany Jens Lehmann 44
75%
2005/06 GK Germany Jens Lehmann 47
75%
2004/05 GK Germany Jens Lehmann 41
75%
2003/04 GK Germany Jens Lehmann 54
75%
2015/16 CM Spain Mikel Arteta 14
75%
2014/15 CM Spain Mikel Arteta 12 1
75%
2013/14 CM Spain Mikel Arteta 43 3
75%
2012/13 CM Spain Mikel Arteta 43 6
75%
2011/12 CM Spain Mikel Arteta 38 6
75%
2021/22 LB Bosnia Sead Kolasinac 4
75%
2020/21 LB Bosnia Sead Kolasinac 9
75%
2019/20 LB Bosnia Sead Kolasinac 32
75%
2018/19 LB Bosnia Sead Kolasinac 36
75%
2017/18 LB Bosnia Sead Kolasinac 36 5
75%
2014/15 GK Poland Wojciech Szczesny 29
75%
2013/14 GK Poland Wojciech Szczesny 46
75%
2012/13 GK Poland Wojciech Szczesny 33
75%
2011/12 GK Poland Wojciech Szczesny 48
75%
2010/11 GK Poland Wojciech Szczesny 24
75%
2009/10 GK Poland Wojciech Szczesny 1
75%
2007/08 DM Brazil Gilberto Silva 36 1
73%
2006/07 DM Brazil Gilberto Silva 47 11
73%
2005/06 DM Brazil Gilberto Silva 48 4
73%
2004/05 DM Brazil Gilberto Silva 17 1
73%
2003/04 DM Brazil Gilberto Silva 45 4
73%
2002/03 DM Brazil Gilberto Silva 51 3
73%
2022/23 RB Portugal Cedric Soares 4
72%
2021/22 RB Portugal Cedric Soares 26 1
72%
2020/21 RB Portugal Cedric Soares 24
72%
2019/20 RB Portugal Cedric Soares 5 1
72%
2019/20 CM Armenia Henrikh Mkhitaryan 3
72%
2018/19 CM Armenia Henrikh Mkhitaryan 39 6
72%
2017/18 CM Armenia Henrikh Mkhitaryan 17 3
72%
2013/14 ST Denmark Nicklas Bendtner 14 2
72%
2011/12 ST Denmark Nicklas Bendtner 1
72%
2010/11 ST Denmark Nicklas Bendtner 32 9
72%
2009/10 ST Denmark Nicklas Bendtner 31 12
72%
2008/09 ST Denmark Nicklas Bendtner 50 15
72%
2007/08 ST Denmark Nicklas Bendtner 40 9
72%
2005/06 ST Denmark Nicklas Bendtner 3
72%
2006/07 RM Sweden Freddie Ljungberg 26 2
71%
2005/06 RM Sweden Freddie Ljungberg 37 2
71%
2004/05 RM Sweden Freddie Ljungberg 38 14
71%
2003/04 RM Sweden Freddie Ljungberg 44 10
71%
2002/03 RM Sweden Freddie Ljungberg 32 9
71%
2001/02 RM Sweden Freddie Ljungberg 39 17
71%
2000/01 RM Sweden Freddie Ljungberg 48 9
71%
2022/23 CB Poland Jakub Kiwior 8 1
71%
2011/12 DM Cameroon Alex Song 46 1
70%
2010/11 DM Cameroon Alex Song 42 5
70%
2009/10 DM Cameroon Alex Song 38 1
70%
2008/09 DM Cameroon Alex Song 48 2
70%
2007/08 DM Cameroon Alex Song 15
70%
2006/07 DM Cameroon Alex Song 6 1
70%
2005/06 DM Cameroon Alex Song 9
70%
2008/09 ST Togo Emmanuel Adebayor 37 16
70%
2007/08 ST Togo Emmanuel Adebayor 48 30
70%
2006/07 ST Togo Emmanuel Adebayor 44 12
70%
2005/06 ST Togo Emmanuel Adebayor 13 4
70%
2010/11 LB France Gael Clichy 44 1
70%
2009/10 LB France Gael Clichy 33
70%
2008/09 LB France Gael Clichy 41 1
70%
2007/08 LB France Gael Clichy 49
70%
2006/07 LB France Gael Clichy 40
70%
2005/06 LB France Gael Clichy 11
70%
2004/05 LB France Gael Clichy 24
70%
2003/04 LB France Gael Clichy 22
70%
2011/12 AM France Samir Nasri 1
70%
2010/11 AM France Samir Nasri 46 15
70%
2009/10 AM France Samir Nasri 34 5
70%
2008/09 AM France Samir Nasri 44 7
70%
2013/14 CB Belgium Thomas Vermaelen 21
70%
2012/13 CB Belgium Thomas Vermaelen 39 1
70%
2011/12 CB Belgium Thomas Vermaelen 40 6
70%
2010/11 CB Belgium Thomas Vermaelen 5
70%
2009/10 CB Belgium Thomas Vermaelen 45 8
70%
2019/20 DM Uruguay Lucas Torreira 39 2
69%
2018/19 DM Uruguay Lucas Torreira 50 2
69%
2018/19 AM Nigeria Alex Iwobi 51 6
68%
2017/18 AM Nigeria Alex Iwobi 39 3
68%
2016/17 AM Nigeria Alex Iwobi 38 4
68%
2015/16 AM Nigeria Alex Iwobi 21 2
68%
2004/05 LW England Ryan Smith 3
68%
2003/04 LW England Ryan Smith 3
68%
2017/18 CM England Alex Oxlade-Chamberlain 4
67%
2016/17 CM England Alex Oxlade-Chamberlain 45 6
67%
2015/16 CM England Alex Oxlade-Chamberlain 33 2
67%
2014/15 CM England Alex Oxlade-Chamberlain 37 3
67%
2013/14 CM England Alex Oxlade-Chamberlain 20 3
67%
2012/13 CM England Alex Oxlade-Chamberlain 33 2
67%
2011/12 CM England Alex Oxlade-Chamberlain 26 4
67%
2018/19 ST England Danny Welbeck 14 5
66%
2017/18 ST England Danny Welbeck 43 10
66%
2016/17 ST England Danny Welbeck 20 4
66%
2015/16 ST England Danny Welbeck 15 5
66%
2014/15 ST England Danny Welbeck 34 8
66%
2022/23 CB England Rob Holding 24 2
65%
2021/22 CB England Rob Holding 21 1
65%
2020/21 CB England Rob Holding 39
65%
2019/20 CB England Rob Holding 18 1
65%
2018/19 CB England Rob Holding 16
65%
2017/18 CB England Rob Holding 26 1
65%
2016/17 CB England Rob Holding 18
65%
2007/08 AM Belarus Aleksandr Hleb 42 4
64%
2006/07 AM Belarus Aleksandr Hleb 48 3
64%
2005/06 AM Belarus Aleksandr Hleb 40 3
64%
2002/03 GK England David Seaman 43
64%
2001/02 GK England David Seaman 25
64%
2000/01 GK England David Seaman 39
64%
2016/17 LB England Kieran Gibbs 22
64%
2015/16 LB England Kieran Gibbs 28 1
64%
2014/15 LB England Kieran Gibbs 33 1
64%
2013/14 LB England Kieran Gibbs 41 1
64%
2012/13 LB England Kieran Gibbs 34 1
64%
2011/12 LB England Kieran Gibbs 22 2
64%
2010/11 LB England Kieran Gibbs 20
64%
2009/10 LB England Kieran Gibbs 7
64%
2008/09 LB England Kieran Gibbs 21
64%
2007/08 LB England Kieran Gibbs 2
64%
2022/23 RW England Reiss Nelson 18 3
64%
2021/22 RW England Reiss Nelson 1
64%
2020/21 RW England Reiss Nelson 9 1
64%
2019/20 RW England Reiss Nelson 22 3
64%
2017/18 RW England Reiss Nelson 16
64%
2014/15 AM Germany Lukas Podolski 13 3
63%
2013/14 AM Germany Lukas Podolski 27 12
63%
2012/13 AM Germany Lukas Podolski 42 16
63%
2013/14 GK Poland Lukasz Fabianski 11
62%
2012/13 GK Poland Lukasz Fabianski 5
62%
2011/12 GK Poland Lukasz Fabianski 6
62%
2010/11 GK Poland Lukasz Fabianski 20
62%
2009/10 GK Poland Lukasz Fabianski 10
62%
2008/09 GK Poland Lukasz Fabianski 18
62%
2007/08 GK Poland Lukasz Fabianski 8
62%
2022/23 GK United States Matt Turner 7
62%
2020/21 LW Brazil Willian 37 1
62%
2012/13 LW Ivory Coast Gervinho 26 7
61%
2011/12 LW Ivory Coast Gervinho 37 4
61%
2004/05 CM Brazil Edu Gaspar 18 2
60%
2003/04 CM Brazil Edu Gaspar 48 7
60%
2002/03 CM Brazil Edu Gaspar 29 3
60%
2001/02 CM Brazil Edu Gaspar 27 3
60%
2000/01 CM Brazil Edu Gaspar 5
60%
2022/23 CM Belgium Albert Sambi Lokonga 15
59%
2021/22 CM Belgium Albert Sambi Lokonga 24
59%
2021/22 RB England Calum Chambers 5 1
59%
2020/21 RB England Calum Chambers 16
59%
2019/20 RB England Calum Chambers 18 1
59%
2017/18 RB England Calum Chambers 24
59%
2016/17 RB England Calum Chambers 1 1
59%
2015/16 RB England Calum Chambers 22 1
59%
2014/15 RB England Calum Chambers 36 1
59%
2020/21 CM Spain Dani Ceballos 40
59%
2019/20 CM Spain Dani Ceballos 37 2
59%
2019/20 CM France Matteo Guendouzi 34
59%
2018/19 CM France Matteo Guendouzi 48 1
59%
2009/10 CB France William Gallas 35 4
59%
2008/09 CB France William Gallas 36 6
59%
2007/08 CB France William Gallas 42 4
59%
2006/07 CB France William Gallas 29 3
59%
2010/11 GK Spain Manuel Almunia 14
58%
2009/10 GK Spain Manuel Almunia 36
58%
2008/09 GK Spain Manuel Almunia 44
58%
2007/08 GK Spain Manuel Almunia 38
58%
2006/07 GK Spain Manuel Almunia 14
58%
2005/06 GK Spain Manuel Almunia 13
58%
2004/05 GK Spain Manuel Almunia 16
58%
2012/13 ST Morocco Marouane Chamakh 4 2
58%
2011/12 ST Morocco Marouane Chamakh 19 1
58%
2010/11 ST Morocco Marouane Chamakh 44 11
58%
2014/15 CM France Abou Diaby 1
57%
2013/14 CM France Abou Diaby 1
57%
2012/13 CM France Abou Diaby 15
57%
2011/12 CM France Abou Diaby 5
57%
2010/11 CM France Abou Diaby 20 2
57%
2009/10 CM France Abou Diaby 40 7
57%
2008/09 CM France Abou Diaby 36 4
57%
2007/08 CM France Abou Diaby 28 4
57%
2006/07 CM France Abou Diaby 18 1
57%
2005/06 CM France Abou Diaby 16 1
57%
2010/11 RB Ivory Coast Emmanuel Eboue 27 1
57%
2009/10 RB Ivory Coast Emmanuel Eboue 36 3
57%
2008/09 RB Ivory Coast Emmanuel Eboue 44 4
57%
2007/08 RB Ivory Coast Emmanuel Eboue 36
57%
2006/07 RB Ivory Coast Emmanuel Eboue 35 1
57%
2005/06 RB Ivory Coast Emmanuel Eboue 32 1
57%
2004/05 RB Ivory Coast Emmanuel Eboue 4
57%
2017/18 DM France Francis Coquelin 13
57%
2016/17 DM France Francis Coquelin 39
57%
2015/16 DM France Francis Coquelin 35
57%
2014/15 DM France Francis Coquelin 30
57%
2012/13 DM France Francis Coquelin 22
57%
2011/12 DM France Francis Coquelin 17
57%
2009/10 DM France Francis Coquelin 3
57%
2008/09 DM France Francis Coquelin 1
57%
2015/16 DM France Mathieu Flamini 24 2
56%
2014/15 DM France Mathieu Flamini 33 1
56%
2013/14 DM France Mathieu Flamini 36 2
56%
2007/08 DM France Mathieu Flamini 40 3
56%
2006/07 DM France Mathieu Flamini 32 4
56%
2005/06 DM France Mathieu Flamini 49
56%
2004/05 DM France Mathieu Flamini 32 1
56%
2021/22 LB Portugal Nuno Tavares 28 1
56%
2005/06 RB Cameroon Lauren 31
55%
2004/05 RB Cameroon Lauren 45 1
55%
2003/04 RB Cameroon Lauren 47
55%
2002/03 RB Cameroon Lauren 44 4
55%
2001/02 RB Cameroon Lauren 41 2
55%
2000/01 RB Cameroon Lauren 33 3
55%
2018/19 RB Switzerland Stephan Lichtsteiner 23 1
55%
2005/06 RW Spain Jose Antonio Reyes 44 6
53%
2004/05 RW Spain Jose Antonio Reyes 45 12
53%
2003/04 RW Spain Jose Antonio Reyes 21 5
53%
2001/02 CB England Tony Adams 13 1
53%
2000/01 CB England Tony Adams 38 2
53%
2021/22 CM England Ainsley Maitland-Niles 11
51%
2020/21 CM England Ainsley Maitland-Niles 21
51%
2019/20 CM England Ainsley Maitland-Niles 32 1
51%
2018/19 CM England Ainsley Maitland-Niles 30 2
51%
2017/18 CM England Ainsley Maitland-Niles 28
51%
2016/17 CM England Ainsley Maitland-Niles 7
51%
2014/15 CM England Ainsley Maitland-Niles 3
51%
2009/10 ST Croatia Eduardo da Silva 32 5
51%
2008/09 ST Croatia Eduardo da Silva 4 3
51%
2007/08 ST Croatia Eduardo da Silva 31 12
51%
2021/22 ST United States Folarin Balogun 4
51%
2020/21 ST United States Folarin Balogun 6 2
51%
2022/23 RW Brazil Marquinhos 6 1
51%
2009/10 CB Switzerland Philippe Senderos 2
51%
2007/08 CB Switzerland Philippe Senderos 32 2
51%
2006/07 CB Switzerland Philippe Senderos 25
51%
2005/06 CB Switzerland Philippe Senderos 35 2
51%
2004/05 CB Switzerland Philippe Senderos 23
51%
2010/11 RW Mexico Carlos Vela 13 3
50%
2009/10 RW Mexico Carlos Vela 20 2
50%
2008/09 RW Mexico Carlos Vela 29 6
50%
2021/22 CB Spain Pablo Mari 3
50%
2020/21 CB Spain Pablo Mari 16 1
50%
2019/20 CB Spain Pablo Mari 3
50%
2003/04 ST Nigeria Nwankwo Kanu 24 3
49%
2002/03 ST Nigeria Nwankwo Kanu 26 6
49%
2001/02 ST Nigeria Nwankwo Kanu 39 6
49%
2000/01 ST Nigeria Nwankwo Kanu 42 5
49%
2003/04 SS France Sylvain Wiltord 20 4
49%
2002/03 SS France Sylvain Wiltord 54 13
49%
2001/02 SS France Sylvain Wiltord 53 17
49%
2000/01 SS France Sylvain Wiltord 47 15
49%
2011/12 RW Israel Yossi Benayoun 25 6
49%
2012/13 CB Switzerland Johan Djourou 2
47%
2011/12 CB Switzerland Johan Djourou 27
47%
2010/11 CB Switzerland Johan Djourou 37 1
47%
2009/10 CB Switzerland Johan Djourou 1
47%
2008/09 CB Switzerland Johan Djourou 29
47%
2007/08 CB Switzerland Johan Djourou 3
47%
2006/07 CB Switzerland Johan Djourou 30
47%
2005/06 CB Switzerland Johan Djourou 12
47%
2004/05 CB Switzerland Johan Djourou 3
47%
2013/14 RW Germany Serge Gnabry 14 1
46%
2012/13 RW Germany Serge Gnabry 4
46%
2017/18 CB France Mathieu Debuchy 7 1
45%
2016/17 CB France Mathieu Debuchy 1
45%
2015/16 CB France Mathieu Debuchy 7
45%
2014/15 CB France Mathieu Debuchy 15 1
45%
2019/20 CB Greece Konstantinos Mavropanos 1
43%
2018/19 CB Greece Konstantinos Mavropanos 4
43%
2017/18 CB Greece Konstantinos Mavropanos 3
43%
2016/17 ST Spain Lucas Perez 21 7
43%
2016/17 LW England Chris Willock 2
41%
2020/21 CM England Joe Willock 17 3
41%
2019/20 CM England Joe Willock 44 5
41%
2018/19 CM England Joe Willock 6 3
41%
2017/18 CM England Joe Willock 11
41%
2003/04 CB England Martin Keown 15
41%
2002/03 CB England Martin Keown 35
41%
2001/02 CB England Martin Keown 34
41%
2000/01 CB England Martin Keown 39 2
41%
2020/21 GK Australia Mathew Ryan 3
41%
2013/14 ST South Korea Park Chu-young 1
40%
2011/12 ST South Korea Park Chu-young 6 1
40%
2020/21 GK Iceland Runar Alex Runarsson 6
40%
2022/23 AM England Ethan Nwaneri 1
39%
2001/02 GK England Richard Wright 22
39%
2018/19 RB England Carl Jenkinson 8
38%
2016/17 RB England Carl Jenkinson 5
38%
2013/14 RB England Carl Jenkinson 22 1
38%
2012/13 RB England Carl Jenkinson 21
38%
2011/12 RB England Carl Jenkinson 14
38%
2010/11 DM Brazil Denilson 32
38%
2009/10 DM Brazil Denilson 28 5
38%
2008/09 DM Brazil Denilson 51 3
38%
2007/08 DM Brazil Denilson 23 2
38%
2006/07 DM Brazil Denilson 19
38%
2022/23 GK Estonia Karl Hein 1
37%
2003/04 RM England Ray Parlour 37
37%
2002/03 RM England Ray Parlour 28
37%
2001/02 RM England Ray Parlour 40 2
37%
2000/01 RM England Ray Parlour 47 6
37%
2001/02 RB England Lee Dixon 19
36%
2000/01 RB England Lee Dixon 46 2
36%
2012/13 CB France Sebastien Squillaci 1
35%
2011/12 CB France Sebastien Squillaci 6
35%
2010/11 CB France Sebastien Squillaci 32 2
35%
2007/08 DM France Lassana Diarra 13
32%
2009/10 LB France Mikael Silvestre 20 1
32%
2008/09 LB France Mikael Silvestre 23 2
32%
2005/06 CM Sweden Sebastian Larsson 9
32%
2004/05 CM Sweden Sebastian Larsson 3
32%
2012/13 GK Italy Vito Mannone 13
32%
2011/12 GK Italy Vito Mannone 1
32%
2009/10 GK Italy Vito Mannone 8
32%
2008/09 GK Italy Vito Mannone 1
32%
2014/15 ST France Yaya Sanogo 6 1
32%
2013/14 ST France Yaya Sanogo 14
32%
2012/13 LB Brazil Andre Santos 12
30%
2011/12 LB Brazil Andre Santos 21 3
30%
2013/14 CM Sweden Kim Kallstrom 4
30%
2011/12 LB Senegal Armand Traore 2
28%
2009/10 LB Senegal Armand Traore 12
28%
2007/08 LB Senegal Armand Traore 11
28%
2006/07 LB Senegal Armand Traore 7
28%
2009/10 RB England Kerrea Gilbert 3
28%
2005/06 RB England Kerrea Gilbert 9
28%
2006/07 AM Brazil Julio Baptista 35 10
27%
2000/01 LB Brazil Sylvinho 34 4
27%
2018/19 AM Spain Denis Suarez 6
26%
2003/04 LB Netherlands Giovanni van Bronckhorst 1
26%
2002/03 LB Sweden Giovanni van Bronckhorst 30 1
26%
2001/02 LB Netherlands Giovanni van Bronckhorst 33 1
26%
2000/01 GK Austria Alex Manninger 14
23%
2015/16 DM Algeria Ismael Bennacer 1
23%
2005/06 CB France Pascal Cygan 20 2
23%
2004/05 CB France Pascal Cygan 23
23%
2003/04 CB France Pascal Cygan 24
23%
2002/03 CB France Pascal Cygan 31 1
23%
2012/13 DM Ghana Emmanuel Frimpong 2
22%
2011/12 DM Ghana Emmanuel Frimpong 14
22%
2006/07 ST France Jeremie Aliadiere 23 4
22%
2004/05 ST France Jeremie Aliadiere 7
22%
2003/04 ST France Jeremie Aliadiere 15 4
22%
2002/03 ST France Jeremie Aliadiere 2 1
22%
2001/02 ST France Jeremie Aliadiere 3
22%
2013/14 RW Japan Ryo Miyaichi 5
21%
2011/12 RW Japan Ryo Miyaichi 2
21%
2008/09 RB Trinidad & Tobago Gavin Hoyte 4
19%
2007/08 RB Trinidad & Tobago Justin Hoyte 15
19%
2006/07 RB Trinidad & Tobago Justin Hoyte 36 1
19%
2005/06 RB Trinidad & Tobago Justin Hoyte 1
19%
2004/05 RB Trinidad & Tobago Justin Hoyte 12
19%
2003/04 RB Trinidad & Tobago Justin Hoyte 3
19%
2002/03 RB Trinidad & Tobago Justin Hoyte 1
19%
2001/02 DM France Gilles Grimandi 40
18%
2000/01 DM France Gilles Grimandi 41 1
18%
2012/13 CB Spain Ignasi Miquel 3 1
17%
2011/12 CB Spain Ignasi Miquel 9
17%
2010/11 CB Spain Ignasi Miquel 2
17%
2002/03 RB Ukraine Oleg Luzhny 24
17%
2001/02 RB Ukraine Oleg Luzhny 26
17%
2000/01 RB Ukraine Oleg Luzhny 29
17%
2016/17 CM United States Gedion Zelalem 2
16%
2014/15 CM United States Gedion Zelalem 1
16%
2013/14 CM United States Gedion Zelalem 1
16%
2016/17 DM Poland Krystian Bielik 1
16%
2015/16 DM Poland Krystian Bielik 1
16%
2006/07 GK Estonia Mart Poom 2
16%
2017/18 ST England Chuba Akpom 2
15%
2016/17 ST England Chuba Akpom 1
15%
2014/15 ST England Chuba Akpom 7
15%
2013/14 ST England Chuba Akpom 2
15%
2003/04 RM England David Bentley 8 1
15%
2002/03 RM England David Bentley 1
15%
2003/04 ST England Francis Jeffers 1
15%
2002/03 ST England Francis Jeffers 28 6
15%
2001/02 ST England Francis Jeffers 10 2
15%
2004/05 RW England Jermaine Pennant 12
15%
2002/03 RW England Jermaine Pennant 7 3
15%
2001/02 RW England Jermaine Pennant 5
15%
2000/01 RW England Jermaine Pennant 1
15%
2002/03 GK England Stuart Taylor 13
15%
2001/02 GK England Stuart Taylor 15
15%
2000/01 GK England Stuart Taylor 2
15%
2021/22 CM England Charlie Patino 2 1
14%
2000/01 ST Liberia Christopher Wreh 1
14%
2005/06 ST Italy Arturo Lupoli 5 1
13%
2004/05 ST Italy Arturo Lupoli 4 2
13%
2010/11 AM England Jay Emmanuel-Thomas 4
13%
2009/10 AM England Jay Emmanuel-Thomas 1
13%
2016/17 AM France Jeff Reine-Adelaide 6
13%
2015/16 AM France Jeff Reine-Adelaide 2
13%
2002/03 CB England Matthew Upson 1
13%
2001/02 CB England Matthew Upson 22
13%
2000/01 CB England Matthew Upson 4
13%
2009/10 CM Spain Fran Merida 8 2
12%
2008/09 CM Spain Fran Merida 5
12%
2007/08 CM Spain Fran Merida 3
12%
2000/01 RB Argentina Nelson Vivas 23
12%
2005/06 LW Ghana Quincy Owusu-Abeyie 13 1
12%
2004/05 LW Ghana Quincy Owusu-Abeyie 7 1
12%
2003/04 LW Ghana Quincy Owusu-Abeyie 3
12%
2002/03 CB Latvia Igor Stepanovs 4
11%
2001/02 CB Latvia Igor Stepanovs 14
11%
2000/01 CB Latvia Igor Stepanovs 13 1
11%
2003/04 LW England Jerome Thomas 3
11%
2001/02 DM Japan Junichi Inamoto 4
11%
2015/16 DM Finland Glen Kamara 1
9%
2011/12 CM England Henri Lansbury 2
9%
2010/11 CM England Henri Lansbury 1 1
9%
2009/10 CM England Henri Lansbury 1
9%
2008/09 CM England Henri Lansbury 3
9%
2007/08 CM England Henri Lansbury 1
9%
2017/18 GK England Matt Macey 2
9%
2002/03 GK Sweden Rami Shaaban 5
9%
2003/04 CB Greece Efstathios Tavlaridis 3
8%
2002/03 CB Greece Efstathios Tavlaridis 2
8%
2001/02 CB Greece Efstathios Tavlaridis 3
8%
2011/12 CM Turkey Oguzhan Ozyakup 2
8%
2013/14 CM Germany Thomas Eisfeld 1 1
8%
2012/13 CM Germany Thomas Eisfeld 1
8%
2003/04 GK Ireland Graham Stack 5
7%
2000/01 GK England John Lukic 4
7%
2002/03 RB Germany Moritz Volz 1
7%
2000/01 RB Germany Moritz Volz 1
7%
2000/01 AM Spain Alberto Mendez 1
6%
2008/09 CM Portugal Amaury Bischoff 4
6%
2010/11 DM Ireland Conor Henderson 1
6%
2011/12 CB Ghana Daniel Boateng 1
6%
2014/15 DM England Isaac Hayden 1
6%
2013/14 DM England Isaac Hayden 1
6%
2013/14 CM Sweden Kristoffer Olsson 1
6%
2020/21 CM England Miguel Azeez 1
6%
2000/01 ST Lithuania Tomas Danilevicius 3
6%
2009/10 AM France Gilles Sunu 2
5%
2017/18 CM England Josh Dasilva 3
5%
2018/19 CB Spain Julio Pleguezuelo 1
5%
2009/10 CM England Mark Randall 2
5%
2008/09 CM England Mark Randall 6
5%
2007/08 CM England Mark Randall 3
5%
2006/07 CM England Mark Randall 2
5%
2008/09 ST Portugal Rui Fonte 1
5%
2009/10 LW England Sanchez Watt 3 1
5%
2004/05 DM Denmark Sebastian Svard 1
5%
2002/03 DM Denmark Sebastian Svard 2
5%
2001/02 DM Denmark Sebastian Svard 1
5%
2005/06 ST Ireland Anthony Stokes 1
4%
2011/12 ST England Chuks Aneke 1
4%
2010/11 DM England Craig Eastmond 3
4%
2009/10 DM England Craig Eastmond 7
4%
2004/05 LB United States Danny Karbassiyoon 3 1
4%
2000/01 ST Ireland Graham Barrett 1
4%
2001/02 LB Brazil Juan 2
4%
2003/04 ST Czech Republic Michal Papadopoulos 1
4%
2009/10 AM Netherlands Nacer Barazite 1
4%
2007/08 AM Netherlands Nacer Barazite 2
4%
2000/01 CM England Paolo Vernazza 4 1
4%
2002/03 CB England Ryan Garry 2
4%
2000/01 LB Germany Stefan Malz 3
4%
2009/10 LB England Thomas Cruise 1
4%
2018/19 CB England Zech Medley 3
4%
2020/21 CM England Ben Cottrell 1
3%
2017/18 DM England Ben Sheaf 2
3%
2001/02 ST DR Congo Carlin Itonga 1
3%
2018/19 DM England Charlie Gilmour 2
3%
2008/09 ST England Jay Simpson 3 2
3%
2009/10 CB England Kyle Bartley 1
3%
2003/04 DM Iceland Olafur Ingi Skulason 1
3%
2000/01 RB Wales Rhys Weston 1
3%
2005/06 CM England Fabrice Muamba 2
2%
2003/04 RB United States Frank Simek 1
2%
2012/13 LB England Jernade Meade 2
2%
2001/02 DM England John Halls 3
2%
2003/04 CM England John Spicer 1
2%
2000/01 RB England Lee Canoville 1
2%
2017/18 DM England Marcus McGuane 2
2%
2012/13 CB Switzerland Martin Angha 2
2%
2006/07 CB England Matthew Connolly 2
2%
2005/06 CM Ireland Patrick Cregg 1
2%
2004/05 CM Ireland Patrick Cregg 2
2%
2001/02 AM England Rohan Ricketts 1
2%
2014/15 CB England Stefan O'Connor 1
2%
2008/09 RB England Paul Rodgers 1
1%
No matching quizzes found
Score Distribution
Percent of People with Each Score
Percentile by Number Answered
Your Score History
You have not taken this quiz since the last reset